<?xml version="1.0" encoding="UTF-8"?>
<marc:record xmlns:marc="http://www.loc.gov/MARC21/slim">
   <marc:leader>00000nam a2200000 a 4500</marc:leader>
   <marc:datafield ind1="1" ind2=" " tag="100">
      <marc:subfield code="a">Lenz, Siegfried</marc:subfield>
      <marc:subfield code="4">aut</marc:subfield>
      <marc:subfield code="e">Verfasser/-in</marc:subfield>
   </marc:datafield>
   <marc:datafield ind1="0" ind2="0" tag="245">
      <marc:subfield code="a">Stadtgespräch / Der Mann im Strom</marc:subfield>
   </marc:datafield>
   <marc:datafield ind1="0" ind2="0" tag="245">
      <marc:subfield code="c">Lenz, Siegfried</marc:subfield>
   </marc:datafield>
   <marc:datafield ind1=" " ind2="1" tag="264">
      <marc:subfield code="a">Wien</marc:subfield>
      <marc:subfield code="b">Buchgemeinschaft Donauland</marc:subfield>
      <marc:subfield code="c">1957</marc:subfield>
   </marc:datafield>
   <marc:datafield ind1=" " ind2=" " tag="250">
      <marc:subfield code="a">Lizenzausgabe für die Buchgemeinschaft Donauland</marc:subfield>
   </marc:datafield>
   <marc:datafield ind1="1" ind2=" " tag="520">
      <marc:subfield code="a">Stadtgespräche&#xD;
Welche Entscheidung ist die richtige, wenn man nur zwischen falschen wählen kann? &#xD;
Eine kleine Stadt am Fjord wird von fremden Truppen besetzt – während sich viele Bewohner dem Regime bereits unterworfen haben, leistet eine kleine Gruppe von Partisanen hartnäckigen Widerstand. Nach einem gescheiterten Attentat jedoch, lässt der Kommandant der Stadt 44 Geiseln nehmen und will so Daniel, den jungen Anführer der Widerständler zwingen, sich zu stellen. Daniel muss sich entscheiden: Stellt er sich, wird es keinen Widerstand mehr geben und er gibt seine eigenen Überzeugungen und Ideale auf – stellt er sich nicht, sterben die 44 Geiseln.&#xD;
Der Mann im Strom&#xD;
Hinrichs ist Taucher; in diesem Beruf ist er alt geworden. Fast zwanzig Jahre ist er Tag für Tag hinunter gestiegen in das trübe Wasser des Hafenbeckens, um dort seiner gefahrvollen Arbeit nachzugehen. Jetzt will er sich nicht ausbooten lassen. Um seine Anstellung nicht zu verlieren, fälscht er seine Papiere und macht sich jünger. Er tut dies mit der Entschlossenheit eines Mannes, der seine letzte Chance wahrnimmt.</marc:subfield>
   </marc:datafield>
   <marc:datafield ind1=" " ind2=" " tag="041">
      <marc:subfield code="a">ger</marc:subfield>
   </marc:datafield>
   <marc:datafield ind1="1" ind2=" " tag="521">
      <marc:subfield code="a">Erwachsene</marc:subfield>
   </marc:datafield>
   <marc:datafield ind1=" " ind2=" " tag="338">
      <marc:subfield code="a">Band</marc:subfield>
   </marc:datafield>
   <marc:datafield ind1=" " ind2=" " tag="300">
      <marc:subfield code="a">502 Seiten</marc:subfield>
   </marc:datafield>
</marc:record>
